Statistiken für Bremen Bahnlinie 4

Klicken Sie hier um das Quiz zu spielen!

Allgemein

  • Dieses Quiz wurde 66 mal gespielt
  • Das Durchschnittsergebnis liegt bei 20 aus 39

Antwortstatistiken

Antwort% Korrekt
Hauptbahnhof
96%
Domsheide
90%
Arsten
84%
Schüsselkorb
82%
Am Dobben
76%
Borgfeld
74%
Horn
72%
Horner Mühle
70%
Rembertistr.
70%
Herdentor
66%
Wilh.-Kaisen-Brücke
62%
Parkstr.
60%
St.-Joseph-Stift
60%
Kirchbachstr.
58%
Kopernikusstr.
58%
Theater am Leibnizplatz
52%
Vorstr.
52%
Bgm.-Spitta-Allee
50%
Focke-Museum
50%
Friedhofstr.
44%
Huckelriede
44%
Rotes-Kreuz-Krkhs.
44%
Hollerallee
42%
Kirchweg
42%
Metzer Str.
42%
Klinikum Links d. Weser
40%
Kattenturm-Mitte
38%
Werner-v.-Siemens-Str.
38%
Schwankhalle
34%
Höger Weg
32%
Robert-Koch-Str.
32%
Rosenpfad
32%
Daniel-Jacobs-Allee
30%
Sielhof
30%
Am Dammacker
28%
Am Lehester Deich
28%
Peter-Henlein-Str.
28%
Heukämpendamm
26%
Twiedelftsweg
22%

Verteilung der Resultate

Perzentil nach korrekt beantworteten Fragen

Anzahl Personen mit jedem Resultat

Ihre Resultats-Entwicklung

Sie haben dieses Quiz noch nicht gespielt